Countries Where French Is An Official Language - Statistics

General Stats
  • This quiz has been taken 67 times
  • The average score is 23 of 29
Answer Stats
Number Answer Continent Population % Correct
2 France Europe 67,401,000
100%
3 Canada North America 36,879,800
96%
1 Democratic Republic of the Congo Africa 84,004,989
96%
7 Niger Africa 19,899,100
93%
21 Republic of the Congo Africa 4,620,300
93%
14 Belgium Europe 11,358,357
91%
9 Mali Africa 17,599,700
91%
29 Monaco Europe 38,731
91%
11 Chad Africa 14,037,500
89%
18 Switzerland Europe 8,510,000
89%
17 Haiti North America 10,711,100
87%
22 Gabon Africa 1,725,300
83%
26 Luxembourg Europe 602,900
83%
10 Senegal Africa 15,129,300
83%
5 Cameroon Africa 23,345,200
80%
6 Ivory Coast Africa 22,701,600
80%
12 Guinea Africa 12,608,600
78%
20 Central African Republic Africa 4,900,300
76%
13 Rwanda Africa 11,607,700
76%
16 Benin Africa 10,879,800
74%
4 Madagascar Africa 24,235,400
74%
19 Togo Africa 7,304,600
74%
8 Burkina Faso Africa 18,105,600
72%
15 Burundi Africa 11,178,900
70%
28 Seychelles Africa 92,900
67%
25 Comoros Africa 795,601
63%
23 Equatorial Guinea Africa 1,221,490
63%
27 Vanuatu Oceania 264,652
61%
24 Djibouti Africa 887,861
57%
No matching quizzes found
Score Distribution
Percent of People with Each Score
Percentile by Number Answered
Your Score History
You have not taken this quiz